00516pam a2200157 a 4500020000500000040001600005041000800021100001900029245005900048250001100107260005100118300004700169365002200216500006300238504005700301 c aNMHR_425001 aeng aGagliardi, R M aSatellite Communicationscby Robert M GagliardihPaper a1st ed aNew DelhibCBS Publishers & Distributorsc1987 a474pb241 Figures, 10 Tablesc21.5 x 14 cm aRs.85ePaper Back aThis document contains back index from page no. 471 to 474 aThis document contains Bibliography for each chapter